000 00801nam a2200289 4500
001 00340093
003 DO-SdBNP
005 20180130141408.0
008 921223s1990 sp |||| ||spa d
016 7 _a
_z
_2BPMSU
017 _a
_b
020 _a8423919234
035 _a
040 _aBPMSU
_bspa
_cBPMSU
080 4 _a
100 1 _aMihura, Miguel,
_d1905-1977.
245 1 0 _aMaribel y la extraña familia /
_h
_cMiguel Mihura ; introducción, Emilio de Miguel Martínez.
250 _a11ª ed.
260 _aMadrid :
_bEspasa Calpe,
_c1990.
300 _a173 p. :
_c18 cm
490 1 _aAustral
_v123
700 1 _aMiguel Martínez, Emilio de
830 0 _aAustral
_v123
942 _2ddc
_cBK
945 _aInventariado, 2018 /LP
956 _aVMATEO
_210
_320160328
_6BPMSU
_80069
999 _c9412
_d9412